Settle-Carlisle Line stations - Statistics

General Stats
  • This quiz has been taken 39 times
  • The average score is 8 of 12
Answer Stats
Answer % Correct
Carlisle
96%
Settle
92%
Dent
75%
Ribblehead
75%
Horton-in-Ribblesdale
71%
Appleby
63%
Garsdale
58%
Kirkby Stephen
58%
Armathwaite
50%
Langwathby
50%
Lazonby & Kirkoswald
50%
Long Preston
50%
No matching quizzes found
Score Distribution
Percent of People with Each Score
Percentile by Number Answered
Your Score History
You have not taken this quiz